Miradas sobre el presente : (Record n. 15245)

Dettagli MARC
000 -LEADER
fixed length control field 00911nam a2200241 i 4500
003 - CONTROL NUMBER IDENTIFIER
control field IT-RoINE
005 - DATE AND TIME OF LATEST TRANSACTION
control field 20171005104603.0
008 - FIXED-LENGTH DATA ELEMENTS--GENERAL INFORMATION
fixed length control field 070516s2006 sp r 000 | spa d
020 ## - INTERNATIONAL STANDARD BOOK NUMBER
International Standard Book Number 8489913692
040 ## - CATALOGING SOURCE
Original cataloging agency SpMaBN
Language of cataloging spa
Transcribing agency IT-RoINE
Description conventions rdc
Modifying agency IT-RoINE
100 1# - MAIN ENTRY--PERSONAL NAME
Personal name Ayala, Francisco,
Dates associated with a name 1906-2009
9 (RLIN) 30920
245 10 - TITLE STATEMENT
Title Miradas sobre el presente :
Remainder of title ensayos y sociología : (antología, 1940-1990) /
Statement of responsibility, etc Francisco Ayala ; selección y prólogo de Alberto J. Ribes Leiva.
260 ## - PUBLICATION, DISTRIBUTION, ETC. (IMPRINT)
Place of publication, distribution, etc [Madrid] :
Name of publisher, distributor, etc Fundación Santander Central Hispano,
Date of publication, distribution, etc [2006]
300 ## - PHYSICAL DESCRIPTION
Extent LXII, 222 p. ;
Dimensions 24 cm.
336 ## - CONTENT TYPE
Source rdacontent
Content type term text
337 ## - MEDIA TYPE
Source rdamedia
Media type term unmediated
338 ## - CARRIER TYPE
Source rdacarrier
Carrier type term volume
490 1# - SERIES STATEMENT
Series statement Colección Obra fundamental
504 ## - BIBLIOGRAPHY, ETC. NOTE
Bibliography, etc Bibliografía: p. LVIII-LXII.
700 1# - ADDED ENTRY--PERSONAL NAME
Personal name Ribes Leiva, Alberto J.,
Dates associated with a name 1976-
9 (RLIN) 30921
830 #0 - SERIES ADDED ENTRY--UNIFORM TITLE
9 (RLIN) 30889
Uniform title Colección Obra fundamental (Fundación Santander)
942 ## - ADDED ENTRY ELEMENTS (KOHA)
Item type Monografías
Dati di copia
Withdrawn status Lost status Damaged status Not for loan Home library Current library Date acquired Total Checkouts Full call number Barcode Date last seen Price effective from Koha item type
        Iglesia Nacional Española en Roma Iglesia Nacional Española en Roma 08/02/2017   COL.A 63.24 36764 08/02/2017 08/02/2017 Monografías